000 03614ncm0a2200505 4500
001 RU\NLR\ONIZ\219581
005 20260406115130.0
013 _a979-0-9003146-3-5
021 _aRU
_b17-236н
_917-16н
035 _aRU\NLR\ONIZ\lanatalya\5000005367\20170913193210
035 _a(NLR Aleph) 011535169
090 _a12165583
_c12165583
100 _a20170913d2017 |||y0rusy50 ca
101 0 _arus
102 _aRU
125 _azx
128 _aop
145 0 _ac
200 1 _aПесня про купца Калашникова
_bНоты
_eопера в 2 д., 5 карт. с эпилогом
_eпо поэме М. Ю. Лермонтова "Песня про царя Ивана Васильевича, молодого опричника и удалого купца Калашникова"
_fС. Степанов
_gлибр. Л. Предвечной и С. Степанова
_g[авт. предисл. А. Анисимов]
208 _aКлавир
210 _aСамара
_c[Б. и.]
_gПраво
_eСамара
_d2017
215 _a178 с.
_cил.
_d31 см
313 _aСистематизация документа проведена по изданию - Методика классифицирования музыкальных произведений (нотных изданий) по таблицам Библиотечно-библиографических классификаций : метод. рекомендации / Гос. б-ка СССР им. В.И. Ленина.- М., 1977. Индексу ББК методических рекомендаций присваивается код ББК для научных библиотек - LBC/SL
604 _1700#1$aЛермонтов$gМихаил Юрьевич$bМ. Ю.$f1814 - 1841
_150010$aПесня про царя Ивана Васильевича, молодого опричника и удалого купца Калашникова$xМузыкальные интерпретации$xНоты$yРоссия
_aЛермонтов, Михаил Юрьевич (1814 - 1841)
_tПесня про царя Ивана Васильевича, молодого опричника и удалого купца Калашникова
_xНоты
_yРоссия
606 1 _aЛермонтов М. Ю. в музыке
_yРоссия
_jНоты
_2nlr_sh
686 _aЩ971(2Р=Р)Фп
_vLBC/SL
_2rubbk
700 1 _9z06790
_aСтепанов
_bС. И.
_gСергей
_4230
_7ca
702 1 _9z03790
_aПредвечная
_bЛ.
_gЛюбовь
_4480
_7ca
702 1 _9z04790
_aАнисимов
_bА. М.
_cдирижер
_f1947-
_gАлександр Михайлович
_4080
_7ca
702 1 _4520
_8rus
_7ca
_aЛермонтов
_bМ. Ю.
_cпоэт
_f1814-1841
_gМихаил Юрьевич
_3RU\NLR\auth\77328
_9110383
702 1 _9z08790
_aПредвечная
_bЛ.
_gЛюбовь
_4480
_7ca
702 1 _9z09790
_aАнисимов
_bА. М.
_cдирижер
_f1947-
_gАлександр Михайлович
_4080
_7ca
790 1 _9z06700
_aStepanov
_bS.
_gSergej
_4230
_7ba
790 1 _4520
_8rus
_7ca
_aЛермонтов
_bМ. Ю.
_cпоэт
_f1814-1841
_gМихаил Юрьевич
_3RU\NLR\auth\77328
_9110383
790 1 _9z08702
_aPredvečnaja
_bL.
_gLjubov`
_4480
_7ba
790 1 _9z09702
_aAnisimov
_bA. M.
_f1947-
_gAleksandr Michaylovič
_4080
_7ba
801 0 _aRU
_bNLR
_c20170913
_gPSBO
801 1 _aRU
_bNLR
_c20170913
_2rusmarc
801 2 _aRU
_bNLR
_c20191004
852 _aNLR
_bМ
_j4/1612
_pМОЭ 2017-16н/236н
_t1
852 _aNLR
_bМ
_j4/1612а
_pМОЭ 2017-16н/236на
_t2
942 _cSCORE
980 _aNB
980 _aONIZ